00976nam a2200205 i 4500001000700000003000900007005001700016007000300033008004100036100001800077245016400095260003400259300002800293505031300321650003000634650002900664700001500693700002800708852003400736123600ES-MaACL20230906192215.0t|070214s1967 sp r ||||1| spa d1 aQuinet, Jean.10aTeoría y práctica de los circuitos de electrónica y de los amplificadores / cJ. Quinet ; prólogo de C. Gutton ; traducción de Dámaso Alvarez Rizo. aMadrid : bParaninfo, c1967. a3 v. : bil. ; c22 cm.8 aContiene: I. Teoria y aplicaciones del cálculo de complejos al estudio de los circuitos de electrónica, 377 p. II. Los amplificadores HF y BF. Los oxiladores y la modulación. Filtros y puertas de medida. 479 p. III. Propagación de la corriente de U.A.F. a lo largo de las lineas Abaco de Smith... 27704aCircuitos electrónicos.04aAmplificadores de audio.1 aGutton, C.1 aAlvarez Rizo, Dámaso. aES-MaACLjC-33264-6 bR.63617